[Event "Horse and Buggy 2 U2000"]
[Site "Elmira CAN"]
[Date "2022.09.10"]
[Round "1.15"]
[White "Guliyev, Nadir"]
[Black "Dunikov, Glib"]
[Result "1-0"]
[WhiteElo "1530"]
[BlackElo "1452"]
[PlyCount "77"]
[EventDate "2022.09.10"]
[EventType "swiss"]
[EventRounds "5"]
[EventCountry "CAN"]

1. d4 f5 2. Nc3 Nf6 3. Bg5 g6 4. Bxf6 exf6 5. d5 Bc5 6. e3 d6 7. Bd3 a6 8. a4
Nd7 9. Nf3 Ne5 10. Be2 Qe7 11. Qd2 Bd7 12. O-O O-O 13. a5 g5 14. Nd4 g4 15. Bd3
Qg7 16. Kh1 Qg5 17. Nce2 Nxd3 18. Qxd3 h5 19. Nf4 Bxd4 20. Qxd4 Rae8 21. Ne6
Bxe6 22. dxe6 Kg7 23. Ra3 Rxe6 24. Qd5 Rfe8 25. Qxb7 f4 26. Qxc7+ R8e7 27. Qb6
fxe3 28. Rxe3 Rxe3 29. fxe3 Qd5 30. Qxa6 Rxe3 31. Qa7+ Kg6 32. Qxe3 Qxa5 33.
Qd3+ f5 34. Qxd6+ Kg5 35. Qf4+ Kg6 36. b4 Qb5 37. c4 Qd7 38. c5 h4 39. Qd6+ 1-0

[Event "Horse and Buggy 2 U2000"]
[Site "Elmira CAN"]
[Date "2022.09.10"]
[Round "1.17"]
[White "Qian, Ashley"]
[Black "Kononenko, Andrei"]
[Result "1-0"]
[WhiteElo "1453"]
[BlackElo "1695"]
[PlyCount "67"]
[EventDate "2022.09.10"]
[EventType "swiss"]
[EventRounds "5"]
[EventCountry "CAN"]

1. e4 e5 2. Nf3 Nc6 3. d4 exd4 4. Nxd4 Bc5 5. Be3 Qf6 6. c3 a6 7. Bc4 Qg6 8.
O-O Qxe4 9. Re1 Be7 10. Nd2 Qg6 11. Bf4 Nxd4 12. cxd4 d6 13. Nf3 Be6 14. Qe2
Kd7 15. Rac1 Rc8 16. Be5 Bg4 17. Bd3 f5 18. Bg3 Bg5 19. Rc2 Qf6 20. h3 Bh5 21.
Bc4 Re8 22. Ne5+ dxe5 23. Qxh5 e4 24. Be5 Qg6 25. Qxg6 hxg6 26. Bxg8 Rhxg8 27.
Rxc7+ Kd8 28. Rxb7 Bf6 29. Bxf6+ gxf6 30. Rc1 f4 31. Kf1 f5 32. d5 g5 33. d6
Rg6 34. d7 1-0

[Event "Horse and Buggy 2 U2000"]
[Site "Elmira CAN"]
[Date "2022.09.10"]
[Round "1.18"]
[White "Xu, Ryan"]
[Black "Chen, Sam"]
[Result "1-0"]
[WhiteElo "1689"]
[BlackElo "1317"]
[PlyCount "75"]
[EventDate "2022.09.10"]
[EventType "swiss"]
[EventRounds "5"]
[EventCountry "CAN"]

1. d4 d5 2. c4 c6 3. Nf3 Nf6 4. g3 e6 5. Bg2 Bd6 6. Qc2 Nbd7 7. Nbd2 O-O 8. O-O
e5 9. cxd5 cxd5 10. dxe5 Nxe5 11. Nxe5 Bxe5 12. Nf3 Qc7 13. Qd3 Bg4 14. Bg5
Bxb2 15. Rab1 Qc3 16. Qb5 Ba3 17. Rb3 Qc5 18. Qa4 Ne4 19. Be3 Qc4 20. Qxc4 dxc4
21. Rxa3 c3 22. Ra4 Bxf3 23. exf3 Nd2 24. Rc1 Rfc8 25. Rd4 h6 26. Rd3 b5 27.
Rcxc3 Nc4 28. Rd7 Ne5 29. Rdc7 Nc4 30. Rxa7 Nxe3 31. Rxc8+ Rxc8 32. fxe3 Rc1+
33. Bf1 Rc3 34. Kf2 Rc2+ 35. Be2 Kh7 36. Rxf7 Rxa2 37. Rb7 Rb2 38. Rxb5 1-0

[Event "Horse and Buggy 2 U2000"]
[Site "Elmira CAN"]
[Date "2022.09.10"]
[Round "1.19"]
[White "Deepak, Laksshana"]
[Black "Radford-Paz, Luis"]
[Result "1-0"]
[WhiteElo "1295"]
[BlackElo "1616"]
[PlyCount "47"]
[EventDate "2022.09.10"]
[EventType "swiss"]
[EventRounds "5"]
[EventCountry "CAN"]

1. e4 c6 2. d4 d5 3. exd5 cxd5 4. c4 Nf6 5. Nc3 Nc6 6. Nf3 e6 7. Be2 Be7 8. h3
b6 9. cxd5 Nxd5 10. Bb5 Bb7 11. Ne5 Rc8 12. Qa4 Qc7 13. Nxd5 exd5 14. Bf4 Bd6
15. Nxc6 Bxc6 16. Rc1 Bxf4 17. Rxc6 Qe7+ 18. Re6+ Kf8 19. Rxe7 Kxe7 20. O-O a6
21. Qb4+ Kf6 22. Bxa6 Rc2 23. Qxb6+ Kg5 24. Qb3 1-0

[Event "Horse and Buggy 2 U2000"]
[Site "Elmira CAN"]
[Date "2022.09.10"]
[Round "1.20"]
[White "Zhang, Daniel"]
[Black "Li, Aiden"]
[Result "1-0"]
[WhiteElo "1610"]
[BlackElo "1273"]
[PlyCount "100"]
[EventDate "2022.09.10"]
[EventType "swiss"]
[EventRounds "5"]
[EventCountry "CAN"]

1. e4 c5 2. Nf3 g6 3. c3 d5 4. exd5 Qxd5 5. d4 Bg4 6. Be2 cxd4 7. Qxd4 Qxd4 8.
Nxd4 h5 9. h3 Bxe2 10. Kxe2 a6 11. Be3 Bg7 12. a4 e5 13. Nb3 Nd7 14. a5 f5 15.
f3 Ngf6 16. Rd1 Rb8 17. N1d2 Bh6 18. Bxh6 Rxh6 19. Nc4 b5 20. axb6 Nxb6 21.
Nxe5 Nbd5 22. Ra3 Rh7 23. Nc6 Rb6 24. Ncd4 Re7+ 25. Kf2 Ne3 26. Rda1 Nfd5 27.
g3 f4 28. Rxa6 fxg3+ 29. Kxg3 h4+ 30. Kxh4 Rh7+ 31. Kg3 Rh5 32. h4 g5 33. hxg5
Rxg5+ 34. Kh4 Rgg6 35. Rxb6 Rxb6 36. Kg5 Rb7 37. Re1 Kf8 38. Ne6+ Kg8 39. Nbd4
Rxb2 40. Rg1 Nxc3 41. Kf6+ Rg2 42. Ra1 Ncd5+ 43. Ke5 Kh7 44. Ra7+ Kh6 45. f4
Rh2 46. Nf8 Rh5+ 47. Ke4 Nf6+ 48. Kxe3 Rh3+ 49. Kf2 Kh5 50. Ra5+ Kh6 1-0

[Event "Horse and Buggy 2 U2000"]
[Site "Elmira CAN"]
[Date "2022.09.10"]
[Round "1.21"]
[White "Patil, Tanishq"]
[Black "Li, Triston"]
[Result "0-1"]
[WhiteElo "1017"]
[BlackElo "1616"]
[PlyCount "80"]
[EventDate "2022.09.10"]
[EventType "swiss"]
[EventRounds "5"]
[EventCountry "CAN"]

1. d4 e6 2. Bf4 c5 3. e3 Nc6 4. Nf3 Qb6 5. b3 Nf6 6. Nc3 Qa5 7. Qd3 c4 8. bxc4
Bb4 9. Rd1 Bxc3+ 10. Ke2 b6 11. g3 Ba6 12. Bg2 d5 13. Nd2 b5 14. Ke1 b4 15. Ke2
Ne7 16. Nb3 Qb6 17. Nd2 Rc8 18. Kf1 Rxc4 19. Nxc4 Bxc4 20. Qxc4 dxc4 21. Bf3
Ned5 22. Be5 O-O 23. Kg2 Nd7 24. Bxd5 Nxe5 25. dxe5 exd5 26. Rxd5 Qc6 27. e4 f5
28. f3 fxe4 29. fxe4 Re8 30. Rhd1 Rxe5 31. Rd8+ Kf7 32. R8d7+ Re7 33. R7d5 Rxe4
34. Rf5+ Bf6 35. Rdd5 Re5 36. Kh3 Qxd5 37. Rxe5 Bxe5 38. g4 Qf3+ 39. Kh4 Bf6+
40. Kh5 Qh3# 0-1

[Event "Horse and Buggy 2 U2000"]
[Site "Elmira CAN"]
[Date "2022.09.10"]
[Round "1.22"]
[White "Knechtel, Tim"]
[Black "Guan, Marie"]
[Result "1-0"]
[WhiteElo "1607"]
[BlackElo "964"]
[PlyCount "141"]
[EventDate "2022.09.10"]
[EventType "swiss"]
[EventRounds "5"]
[EventCountry "CAN"]

1. d3 d5 2. Nd2 e5 3. e4 d4 4. a3 f5 5. exf5 Bxf5 6. g4 Be6 7. Bg2 Nc6 8. Ne4
Nf6 9. h3 Be7 10. Bd2 Qd7 11. Nxf6+ gxf6 12. Qe2 O-O-O 13. O-O-O Bd5 14. f4 Qe6
15. Kb1 Ba2+ 16. Ka1 Bd5 17. f5 Qf7 18. Nf3 Bd6 19. g5 fxg5 20. Nxg5 Qg8 21. h4
Bxg2 22. Ne6 Bxh1 23. Rxh1 Re8 24. Ng5 h6 25. Ne4 Qf8 26. f6 Re6 27. Rf1 Qf7
28. h5 Nb8 29. Be1 Nd7 30. Bh4 Rh7 31. Qf3 Nc5 32. Nxc5 Bxc5 33. Qf5 Kb8 34.
Qg6 Ra6 35. Rg1 Bxa3 36. Qxf7 Bb4+ 37. Qa2 Rxa2+ 38. Kxa2 a5 39. Rg7 Rh8 40. f7
Rf8 41. Rg8 Ka7 42. Rxf8 Bxf8 43. Bf6 c5 44. Bxe5 Kb6 45. c4 Kc6 46. Kb3 Kd7
47. Ka4 Ke6 48. Bc7 Kf5 49. Kxa5 Kg4 50. Kb6 Kf3 51. Kxb7 Ke3 52. Kc6 Kxd3 53.
Bd6 Bg7 54. f8=Q Bxf8 55. Bxf8 Kc2 56. Kxc5 d3 57. Bxh6 Kxb2 58. Kd4 Kc2 59. c5
Kb3 60. Kxd3 Ka4 61. Kc4 Ka5 62. Bd2+ Ka6 63. c6 Ka7 64. c7 Kb7 65. Bf4 Kc8 66.
h6 Kb7 67. h7 Ka7 68. h8=Q Kb6 69. c8=Q Ka5 70. Qb7 Ka4 71. Qb4# 1-0

[Event "Horse and Buggy 2 U2000"]
[Site "Elmira CAN"]
[Date "2022.09.10"]
[Round "2.12"]
[White "Knechtel, Tim"]
[Black "Supsup, Ferdinand"]
[Result "0-1"]
[WhiteElo "1607"]
[BlackElo "1907"]
[PlyCount "98"]
[EventDate "2022.09.10"]
[EventType "swiss"]
[EventRounds "5"]
[EventCountry "CAN"]

1. d3 e6 2. e4 d5 3. Nd2 Nc6 4. c3 Nf6 5. Be2 Bc5 6. d4 Be7 7. e5 Ng8 8. f4 Nh6
9. Nf1 Nf5 10. Nf3 Bd7 11. Bd2 a6 12. g3 Na5 13. h4 c5 14. dxc5 Nc4 15. Bxc4
dxc4 16. Qe2 Rc8 17. Be3 Nxe3 18. Nxe3 Bxc5 19. Nxc4 Bb5 20. Rd1 Qc7 21. b3 O-O
22. Nd4 Ba7 23. Nxb5 axb5 24. Nd6 Qxc3+ 25. Kf1 Rcd8 26. Nxb5 Rxd1+ 27. Qxd1
Qc6 28. Nxa7 Qxh1+ 29. Ke2 Qg2+ 30. Ke3 Qxg3+ 31. Ke4 Qg2+ 32. Ke3 Qh3+ 33. Qf3
Qxh4 34. Nb5 Qe1+ 35. Qe2 Qc1+ 36. Qd2 Qc5+ 37. Nd4 Rd8 38. b4 Qa7 39. Ke4 Ra8
40. Nb5 Qxa2 41. Qd7 Qc4+ 42. Kf3 Qc6+ 43. Qxc6 bxc6 44. Nd4 Ra6 45. Ke4 g6 46.
Kd3 h5 47. Kc4 h4 48. Kc5 h3 49. Nxc6 Rxc6+ 0-1

[Event "Horse and Buggy 2 U2000"]
[Site "Elmira CAN"]
[Date "2022.09.10"]
[Round "2.14"]
[White "Guliyev, Nadir"]
[Black "Xu, Ryan"]
[Result "1/2-1/2"]
[WhiteElo "1530"]
[BlackElo "1689"]
[PlyCount "72"]
[EventDate "2022.09.10"]
[EventType "swiss"]
[EventRounds "5"]
[EventCountry "CAN"]

1. d4 d5 2. c4 c6 3. cxd5 cxd5 4. Bf4 Nc6 5. e3 Nf6 6. Nc3 e6 7. Bd3 Bd6 8.
Bxd6 Qxd6 9. f4 O-O 10. Nf3 a6 11. O-O Nd7 12. Rc1 b5 13. Qe2 Bb7 14. e4 dxe4
15. Nxe4 Qe7 16. Rfe1 Rac8 17. d5 exd5 18. Neg5 Qxe2 19. Bxh7+ Kh8 20. Rxe2 Nd4
21. Ree1 Ne2+ 22. Rxe2 Rxc1+ 23. Kf2 Nc5 24. Re7 f6 25. Nh4 fxg5 26. Ng6+ Kxh7
27. Nxf8+ Kg8 28. Ng6 Nd3+ 29. Ke2 Nc5 30. b4 Ne4 31. Rxb7 Rc2+ 32. Kd1 Rxg2
33. f5 Nc3+ 34. Kc1 Nxa2+ 35. Kb1 Nc3+ 36. Kc1 Na2+ 1/2-1/2

[Event "Horse and Buggy 2 U2000"]
[Site "Elmira CAN"]
[Date "2022.09.10"]
[Round "2.15"]
[White "Qian, Ashley"]
[Black "Zhang, Daniel"]
[Result "1-0"]
[WhiteElo "1453"]
[BlackElo "1610"]
[PlyCount "89"]
[EventDate "2022.09.10"]
[EventType "swiss"]
[EventRounds "5"]
[EventCountry "CAN"]

1. e4 c5 2. Nf3 d6 3. d4 cxd4 4. Nxd4 Nf6 5. Nc3 a6 6. Be3 b5 7. f3 Bb7 8. Qd2
e6 9. O-O-O Nbd7 10. Kb1 Be7 11. g4 Nb6 12. h4 Nfd7 13. g5 Ne5 14. Qf2 Nec4 15.
Bc1 Qc7 16. Bh3 Bc8 17. Rhg1 b4 18. Nce2 d5 19. exd5 Nxd5 20. f4 Bc5 21. Qf3
Rb8 22. Rgf1 Qb6 23. f5 e5 24. Qxd5 Na3+ 25. bxa3 exd4 26. a4 O-O 27. Bb2 Rd8
28. Qe5 Bd7 29. Bxd4 Bxd4 30. Qxd4 Qc7 31. Qe3 Re8 32. Qd2 Bxa4 33. Nd4 Rbd8
34. Rfe1 Rxe1 35. Qxe1 Qh2 36. Bf1 Qd6 37. Be2 Re8 38. Qd2 Qc5 39. Nb3 Qxf5 40.
Bc4 a5 41. Rf1 Qh3 42. Qf4 Rf8 43. Bxf7+ Kh8 44. Rd1 Bc6 45. Be6 1-0

[Event "Horse and Buggy 2 U2000"]
[Site "Elmira CAN"]
[Date "2022.09.10"]
[Round "2.16"]
[White "Li, Triston"]
[Black "Deepak, Laksshana"]
[Result "1-0"]
[WhiteElo "1616"]
[BlackElo "1295"]
[PlyCount "55"]
[EventDate "2022.09.10"]
[EventType "swiss"]
[EventRounds "5"]
[EventCountry "CAN"]

1. e4 c5 2. Nf3 d6 3. d4 cxd4 4. Nxd4 Nf6 5. Nc3 a6 6. Be3 e5 7. Nb3 Be7 8. f3
b5 9. g4 Nfd7 10. Qd5 Nb6 11. Bxb6 Qxb6 12. Qxa8 Be6 13. Nd5 Bh4+ 14. Kd1 Bxd5
15. Qxd5 Ke7 16. c4 Rc8 17. Nd2 Nd7 18. cxb5 Qe3 19. Bc4 Rf8 20. Qd3 Qb6 21.
Rc1 Nc5 22. Qd5 axb5 23. Bb3 Ne6 24. Rc6 Qd8 25. Qxb5 Kf6 26. Bxe6 Kxe6 27.
Qd5+ Ke7 28. Nc4 1-0

[Event "Horse and Buggy 2 U2000"]
[Site "Elmira CAN"]
[Date "2022.09.10"]
[Round "2.17"]
[White "Khan, Riley"]
[Black "Shah, Omar"]
[Result "0-1"]
[WhiteElo "1907"]
[BlackElo "1856"]
[PlyCount "102"]
[EventDate "2022.09.10"]
[EventType "swiss"]
[EventRounds "5"]
[EventCountry "CAN"]

1. c4 c5 2. g3 Nf6 3. Nf3 b6 4. Bg2 Bb7 5. Nc3 e6 6. O-O Be7 7. d4 cxd4 8. Qxd4
d6 9. Rd1 a6 10. e4 Nbd7 11. h3 O-O 12. Bg5 Qc7 13. Rac1 Rac8 14. h4 Qb8 15. h5
h6 16. Bh4 Rfe8 17. Bf1 Bf8 18. Bd3 Ng4 19. Be2 Ngf6 20. Bxf6 Nxf6 21. Qxb6
Nxh5 22. Nd4 Nf6 23. Bf3 Qa8 24. b3 Rb8 25. Qa5 Nxe4 26. Nxe4 Bxe4 27. Bxe4
Qxe4 28. Qxa6 Ra8 29. Qc6 Qxc6 30. Nxc6 Rxa2 31. b4 Rc8 32. b5 Rb2 33. Rb1 Rc2
34. Rdc1 Rxc1+ 35. Rxc1 Rc7 36. Ra1 d5 37. cxd5 exd5 38. Ra8 f6 39. Rd8 Kf7 40.
Rxd5 Ke6 41. Rd2 Bc5 42. Kf1 Bb6 43. f4 Kf5 44. Re2 Kg4 45. Kg2 Rd7 46. Re7
Rd2+ 47. Kf1 Bf2 48. Re2 Rxe2 49. Kxe2 Kxg3 50. Nb4 h5 51. Nd3 Bb6 0-1

[Event "Horse and Buggy 2 U2000"]
[Site "Elmira CAN"]
[Date "2022.09.10"]
[Round "2.18"]
[White "Kononenko, Andrei"]
[Black "Steinhauser, Oscar"]
[Result "1-0"]
[WhiteElo "1695"]
[BlackElo "1594"]
[PlyCount "69"]
[EventDate "2022.09.10"]
[EventType "swiss"]
[EventRounds "5"]
[EventCountry "CAN"]

1. e4 d6 2. d4 Nf6 3. Nc3 g6 4. Bc4 Bg7 5. Be3 O-O 6. f3 Nbd7 7. Qd2 c5 8. d5
Ne8 9. g4 e5 10. h4 a6 11. a3 b5 12. Be2 Nb6 13. h5 Rb8 14. Bg5 Qc7 15. Bh6 Na4
16. Nxa4 bxa4 17. Rb1 c4 18. c3 Rb7 19. Bd1 f5 20. hxg6 hxg6 21. exf5 gxf5 22.
g5 Qf7 23. Bxa4 e4 24. f4 e3 25. Qd1 Bd7 26. Bxd7 Qxd7 27. Bxg7 Nxg7 28. Qd4
Rc7 29. Ke2 Rc5 30. Rd1 Re8 31. Rh2 Re4 32. Qf6 Qb7 33. Kf3 Rxd5 34. g6 Rxf4+
35. Kxf4 {illisible} 1-0

[Event "Horse and Buggy 2 U2000"]
[Site "Elmira CAN"]
[Date "2022.09.10"]
[Round "2.19"]
[White "Radford-Paz, Luis"]
[Black "Chen, Sam"]
[Result "1-0"]
[WhiteElo "1616"]
[BlackElo "1317"]
[PlyCount "91"]
[EventDate "2022.09.10"]
[EventType "swiss"]
[EventRounds "5"]
[EventCountry "CAN"]

1. d4 d5 2. Bf4 Nf6 3. e3 e6 4. Nf3 c5 5. c3 Bd6 6. Bg3 O-O 7. Nbd2 Nc6 8. Bd3
Re8 9. Ne5 Nd7 10. Bxh7+ Kf8 11. Nxc6 Qc7 12. Bxd6+ Qxd6 13. Ne5 cxd4 14. cxd4
Nxe5 15. dxe5 Qxe5 16. Bd3 Qxb2 17. O-O e5 18. Qc1 Qxc1 19. Raxc1 e4 20. Bb5
Re7 21. Nb3 a6 22. Be2 Be6 23. Nd4 g6 24. Rc3 f5 25. Rfc1 Kf7 26. Rc7 Rae8 27.
g3 Rxc7 28. Rxc7+ Re7 29. Rxe7+ Kxe7 30. a4 Bd7 31. a5 Kd6 32. Nb3 Ba4 33. Bd1
Ke5 34. Kf1 Kd6 35. Ke1 Bxb3 36. Bxb3 Kc5 37. Kd2 Kb5 38. Bxd5 Kxa5 39. Bxb7
Kb5 40. Kc3 a5 41. Bd5 Ka4 42. Bf7 Ka3 43. Bxg6 Ka2 44. Bxf5 a4 45. Be6+ Ka3
46. Bd7 1-0

[Event "Horse and Buggy 2 U2000"]
[Site "Elmira CAN"]
[Date "2022.09.10"]
[Round "2.20"]
[White "Armstrong, Robert J"]
[Black "Li, Aiden"]
[Result "0-1"]
[WhiteElo "1595"]
[BlackElo "1273"]
[PlyCount "110"]
[EventDate "2022.09.10"]
[EventType "swiss"]
[EventRounds "5"]
[EventCountry "CAN"]

1. d4 d5 2. Nf3 Bg4 3. Ne5 Bf5 4. e3 e6 5. Bd3 Bg6 6. Nxg6 hxg6 7. O-O Bd6 8.
g3 c5 9. dxc5 Bxc5 10. Qf3 Nf6 11. c4 Nc6 12. cxd5 Ne5 13. Bb5+ Ke7 14. Qg2
Qxd5 15. Qxd5 Nxd5 16. Kg2 g5 17. Bd2 g4 18. Be2 Nf6 19. Rc1 Bd6 20. Nc3 a6 21.
a4 Rh5 22. Rh1 Rah8 23. e4 Bb4 24. Bf4 Bxc3 25. bxc3 Nxe4 26. Bxe5 Rxe5 27.
Bxg4 Nxc3 28. Rac1 Rc5 29. Bf3 b6 30. Ra1 Rc4 31. a5 Rb8 32. Rhc1 b5 33. Rc2 f5
34. Rac1 b4 35. Re1 Kf6 36. Rd2 Ne4 37. Rd7 b3 38. Bxe4 Rxe4 39. Rb1 Re5 40.
Rd3 Rxa5 41. Rdxb3 Rab5 42. Rxb5 axb5 43. f4 e5 44. Kf3 e4+ 45. Ke3 b4 46. g4
g6 47. h4 b3 48. g5+ Ke6 49. Rb2 Kd5 50. h5 gxh5 51. g6 Ke6 52. Kd2 Rd8+ 53.
Ke2 Rd3 54. Rb1 h4 55. Rg1 Rg3 0-1

[Event "Horse and Buggy 2 U2000"]
[Site "Elmira CAN"]
[Date "2022.09.10"]
[Round "2.21"]
[White "Coulthard, Aaron"]
[Black "Patil, Tanishq"]
[Result "1/2-1/2"]
[WhiteElo "1489"]
[BlackElo "1017"]
[PlyCount "89"]
[EventDate "2022.09.10"]
[EventType "swiss"]
[EventRounds "5"]
[EventCountry "CAN"]

1. d4 d5 2. Nf3 e6 3. g3 Nf6 4. Bg2 Be7 5. O-O O-O 6. c4 b6 7. Nbd2 Bb7 8. Qc2
Nbd7 9. Ne5 Nxe5 10. dxe5 Nd7 11. Nf3 dxc4 12. Rd1 Qc8 13. Bg5 Re8 14. Bxe7
Rxe7 15. Rd4 c5 16. Rxc4 h6 17. Rd1 Bxf3 18. Bxf3 Nxe5 19. Bxa8 Nxc4 20. Bg2
Ne5 21. h3 g6 22. Qe4 Nd7 23. Qh4 Re8 24. Qxh6 Rd8 25. Qg5 Nf6 26. Rxd8+ Qxd8
27. e4 Qe7 28. f4 Qd8 29. Kh2 Qd4 30. e5 Nd5 31. Qd8+ Kg7 32. Bxd5 Qxd5 33.
Qxd5 exd5 34. Kg2 f6 35. exf6+ Kxf6 36. Kf3 d4 37. Ke4 g5 38. fxg5+ Kxg5 39.
h4+ Kg4 40. Kd3 a6 41. Kc4 b5+ 42. Kd3 b4 43. b3 a5 44. Kc4 Kh5 45. Kd3 1/2-1/2

[Event "Horse and Buggy 2 U2000"]
[Site "Elmira CAN"]
[Date "2022.09.10"]
[Round "2.23"]
[White "Dunikov, Glib"]
[Black "Guan, Marie"]
[Result "1-0"]
[WhiteElo "1452"]
[BlackElo "964"]
[PlyCount "95"]
[EventDate "2022.09.10"]
[EventType "swiss"]
[EventRounds "5"]
[EventCountry "CAN"]

1. e4 e6 2. d4 d5 3. e5 c5 4. c3 Nc6 5. Nf3 Qb6 6. Bd3 cxd4 7. cxd4 Nb4 8. Nc3
Nxd3+ 9. Qxd3 Ne7 10. Qb5+ Nc6 11. Qxb6 axb6 12. Be3 Be7 13. O-O O-O 14. Rfd1
f6 15. Bf4 fxe5 16. Bxe5 Bd8 17. b4 Bd7 18. Bd6 Rf7 19. b5 Na7 20. Ne5 Rf6 21.
Nxd7 Rh6 22. Rd3 Bf6 23. Nxb6 Rd8 24. Bc7 Rf8 25. Nd7 Rf7 26. Nxf6+ Rhxf6 27.
Bg3 Nc8 28. a4 Nb6 29. a5 Nc4 30. a6 bxa6 31. bxa6 Ra7 32. Nb5 Ra8 33. a7 Rf7
34. Nc7 Nb6 35. Nxa8 Nxa8 36. Rb3 Rf8 37. Rb8 Kf7 38. Rxf8+ Kxf8 39. Rb1 Ke7
40. Rb8 Nc7 41. Bxc7 Kd7 42. a8=Q e5 43. Bxe5 Ke6 44. Qc6+ Kf5 45. Qxd5 Kg4 46.
Bxg7 h6 47. Bxh6 Kh4 48. Qg5# 1-0

[Event "Horse and Buggy 2 U2000"]
[Site "Elmira CAN"]
[Date "2022.10.10"]
[Round "3.12"]
[White "Supsup, Ferdinand"]
[Black "Gao, Heye"]
[Result "0-1"]
[WhiteElo "1907"]
[BlackElo "1588"]
[PlyCount "74"]
[EventDate "2022.09.10"]
[EventType "swiss"]
[EventRounds "5"]
[EventCountry "CAN"]

1. a3 e5 2. e3 d5 3. d4 exd4 4. exd4 Bd6 5. Bd3 Nf6 6. Nc3 h6 7. Nge2 O-O 8.
Bf4 Bxf4 9. Nxf4 Re8+ 10. Nce2 Nc6 11. c3 Qd6 12. Qd2 Na5 13. Bc2 Nc4 14. Qc1
Nxb2 15. O-O Nc4 16. Ng3 Bd7 17. Nd3 b6 18. f4 Ne3 19. Rf3 Nxc2 20. Qxc2 Bg4
21. Rff1 Ne4 22. Nxe4 Rxe4 23. Ne5 Bf5 24. Qd2 f6 25. Nd3 Rae8 26. Rfe1 Rxe1+
27. Nxe1 Re4 28. Nd3 Qe7 29. Kf2 Bg4 30. Nc1 Qd6 31. g3 g5 32. fxg5 fxg5 33.
Kg1 Qf6 34. Qf2 Qe6 35. Qd2 Bh3 36. Nb3 Re2 37. Qc1 Qe4 0-1

[Event "Horse and Buggy 2 U2000"]
[Site "Elmira CAN"]
[Date "2022.09.10"]
[Round "3.13"]
[White "Li, Triston"]
[Black "Qian, Ashley"]
[Result "0-1"]
[WhiteElo "1616"]
[BlackElo "1453"]
[PlyCount "84"]
[EventDate "2022.09.10"]
[EventType "swiss"]
[EventRounds "5"]
[EventCountry "CAN"]

1. e4 c5 2. Nf3 d6 3. d4 cxd4 4. Nxd4 Nf6 5. Nc3 a6 6. Be3 e5 7. Nb3 Be7 8. f3
Be6 9. g4 d5 10. Bc5 d4 11. Na4 Nbd7 12. Bxe7 Qxe7 13. Nxd4 exd4 14. Qxd4 b5
15. Nc3 Qc5 16. Qxc5 Nxc5 17. O-O-O O-O 18. Bg2 Rfd8 19. b4 Ncd7 20. e5 Ne8 21.
f4 Rac8 22. f5 Rxc3 23. fxe6 fxe6 24. Kb2 Rdc8 25. Rxd7 Rxc2+ 26. Kb1 Rxg2 27.
h3 Rf2 28. Re7 Rf4 29. a3 Nc7 30. Rc1 Rc4 31. Rf1 Rf8 32. Rxf8+ Kxf8 33. Rd7
Rc6 34. Rd8+ Ke7 35. Rg8 Ne8 36. Rh8 h6 37. g5 hxg5 38. Kb2 Kf7 39. h4 g4 40.
h5 g3 41. h6 gxh6 42. Rxh6 g2 0-1

[Event "Horse and Buggy 2 U2000"]
[Site "Elmira CAN"]
[Date "2022.09.10"]
[Round "3.14"]
[White "Xu, Ryan"]
[Black "Kononenko, Andrei"]
[Result "1-0"]
[WhiteElo "1689"]
[BlackElo "1695"]
[PlyCount "83"]
[EventDate "2022.09.10"]
[EventType "swiss"]
[EventRounds "5"]
[EventCountry "CAN"]

1. d4 d5 2. c4 e6 3. g3 Nf6 4. Bg2 c6 5. Nf3 Nbd7 6. Qc2 h6 7. Nbd2 Be7 8. O-O
O-O 9. Re1 Re8 10. b3 Bb4 11. Bb2 Ne4 12. a3 Bxd2 13. Nxd2 Nxd2 14. Qxd2 Nf6
15. Qc2 Qb6 16. Rad1 Bd7 17. h3 Rac8 18. c5 Qc7 19. g4 Qf4 20. e3 Qg5 21. f4
Qh4 22. Rf1 Nh7 23. Bc3 Qe7 24. Be1 f6 25. Bg3 b6 26. b4 b5 27. Bf3 Ra8 28. h4
a5 29. g5 hxg5 30. fxg5 f5 31. Bh5 Rec8 32. Bd6 Qd8 33. Qg2 axb4 34. axb4 Ra4
35. Rb1 Rca8 36. Kh1 Ra3 37. Qg3 Rd3 38. Rg1 Raa3 39. Rbe1 Rab3 40. Bf7+ Kh8
41. g6 Nf6 42. Qg5 1-0

[Event "Horse and Buggy 2 U2000"]
[Site "Elmira CAN"]
[Date "2022.09.10"]
[Round "3.16"]
[White "Li, Aiden"]
[Black "Radford-Paz, Luis"]
[Result "0-1"]
[WhiteElo "1273"]
[BlackElo "1616"]
[PlyCount "74"]
[EventDate "2022.09.10"]
[EventType "swiss"]
[EventRounds "5"]
[EventCountry "CAN"]

1. c4 c6 2. d4 d5 3. Nc3 Nf6 4. Bg5 Nbd7 5. Rc1 Qa5 6. Bd2 Qb6 7. c5 Qc7 8. Nf3
e5 9. e3 e4 10. Nh4 Be7 11. Nf5 Bf8 12. b4 g6 13. Ng3 Bg7 14. b5 h5 15. h4 Ng4
16. Be2 Ndf6 17. Qa4 Bd7 18. a3 O-O 19. Qb3 Bh6 20. Na4 cxb5 21. Nb2 Rac8 22.
Nd1 a6 23. Bb4 Rfe8 24. Bxg4 Bxg4 25. Ne2 Be6 26. Nb2 Bf8 27. a4 Bd7 28. Nc3 a5
29. Nxd5 Nxd5 30. Qxd5 axb4 31. axb5 Bxb5 32. g4 Qd7 33. Qb3 Qxg4 34. Rc2 Qf3
35. Rg1 Ra8 36. Rd2 Ra1+ 37. Nd1 Ba4 0-1

[Event "Horse and Buggy 2 U2000"]
[Site "Elmira CAN"]
[Date "2022.09.10"]
[Round "3.17"]
[White "Deepak, Laksshana"]
[Black "Dunikov, Glib"]
[Result "0-1"]
[WhiteElo "1295"]
[BlackElo "1452"]
[PlyCount "100"]
[EventDate "2022.09.10"]
[EventType "swiss"]
[EventRounds "5"]
[EventCountry "CAN"]

1. e4 e5 2. Nf3 d5 3. exd5 e4 4. Ng1 Qxd5 5. Nc3 Qf5 6. d3 Bb4 7. Bd2 Nf6 8.
Nxe4 Nxe4 9. dxe4 Qxe4+ 10. Qe2 Bxd2+ 11. Kxd2 Qxe2+ 12. Bxe2 Nc6 13. Bb5 Be6
14. Bxc6+ bxc6 15. Nf3 O-O-O+ 16. Kc3 Bd5 17. Nd2 g6 18. f3 Rhe8 19. Rhe1 f5
20. g4 f4 21. Ne4 Bxe4 22. Rxe4 Rxe4 23. fxe4 g5 24. Rf1 Kb7 25. Rf2 c5 26. Kc4
Kc6 27. c3 Re8 28. Kd3 Kb5 29. b3 Rd8+ 30. Kc2 c4 31. a4+ Kc6 32. bxc4 Kc5 33.
Kb3 Rb8+ 34. Kc2 Kxc4 35. Rd2 c5 36. Rd3 Re8 37. Rh3 Rxe4 38. Rxh7 f3 39. Rf7
Re3 40. Kd2 Rxc3 41. Rxa7 Ra3 42. Rf7 Kb4 43. h4 gxh4 44. Rh7 Rxa4 45. Rxh4 c4
46. g5 Kb3 47. Rh8 c3+ 48. Kd3 c2 49. Rc8 f2 50. Rc3+ Kb4 0-1

[Event "Horse and Buggy 2 U2000"]
[Site "Elmira CAN"]
[Date "2022.09.10"]
[Round "3.18"]
[White "Steinhauser, Oscar"]
[Black "Coulthard, Aaron"]
[Result "0-1"]
[WhiteElo "1594"]
[BlackElo "1489"]
[PlyCount "108"]
[EventDate "2022.09.10"]
[EventType "swiss"]
[EventRounds "5"]
[EventCountry "CAN"]

1. c4 e6 2. g3 d5 3. cxd5 exd5 4. d4 c6 5. Nc3 Nf6 6. Bg2 Bd6 7. Nf3 O-O 8. O-O
h6 9. Qc2 Be6 10. Re1 Nbd7 11. Nd2 Re8 12. e4 dxe4 13. Ndxe4 Nxe4 14. Nxe4 Nf6
15. Nxd6 Qxd6 16. Qc3 Bd5 17. Bf4 Qd7 18. Be5 Bxg2 19. Kxg2 Nd5 20. Qd2 Re6 21.
f4 f6 22. f5 Re7 23. Bf4 Rxe1 24. Rxe1 Qxf5 25. Qf2 Nxf4+ 26. Qxf4 Qxf4 27.
gxf4 Rd8 28. Re7 Rxd4 29. Rxb7 a5 30. Kg3 Rb4 31. Rxb4 axb4 32. f5 Kf7 33. Kf4
g5+ 34. fxg6+ Kxg6 35. h4 c5 36. h5+ Kxh5 37. a4 bxa3 38. bxa3 c4 39. a4 c3 40.
Ke3 c2 41. Kd2 f5 42. a5 f4 43. a6 f3 44. a7 f2 45. a8=Q f1=Q 46. Kxc2 Qe2+ 47.
Kb3 Qd3+ 48. Kb2 Qd2+ 49. Kb3 Kg4 50. Qg8+ Kf3 51. Qf7+ Qf4 52. Qh5+ Kf2 53.
Kc2 Qc4+ 54. Kb1 Qf1+ 0-1

[Event "Horse and Buggy 2 U2000"]
[Site "Elmira CAN"]
[Date "2022.09.10"]
[Round "3.19"]
[White "Chen, Sam"]
[Black "Patil, Tanishq"]
[Result "1-0"]
[WhiteElo "1317"]
[BlackElo "1017"]
[PlyCount "43"]
[EventDate "2022.09.10"]
[EventType "swiss"]
[EventRounds "5"]
[EventCountry "CAN"]

1. e4 c5 2. Nf3 d6 3. d4 cxd4 4. Nxd4 Nf6 5. Nc3 a6 6. Be3 e5 7. Nf3 Be7 8. Bc4
O-O 9. O-O b5 10. Bb3 Bb7 11. Nd2 Nbd7 12. f4 Qc7 13. f5 Nc5 14. Qf3 Rfd8 15.
Rad1 Bc6 16. g4 Kh8 17. g5 Nfd7 18. Bxf7 Rf8 19. Qh5 b4 20. Rf3 bxc3 21. Qxh7+
Kxh7 22. Rh3# 1-0